| 000 | 00523nam a2200193 a 4500 | ||
|---|---|---|---|
| 005 | 20140310183158.0 | ||
| 008 | 021016s19uu xx 00 eng d | ||
| 050 |
_aRM 300 _b.K37 2002 |
||
| 100 | _aKarch, Amy M. | ||
| 245 |
_aFocus on nursing pharmacology / _cAmy M. Karch. |
||
| 260 |
_aPhiladelphia: _bC & E Publishing, Inc., _cc2000. |
||
| 300 |
_axviii. 891 p. : _bill. ; _c26 cm. |
||
| 521 | _aNUR | ||
| 650 | _aPharmacology | ||
| 942 |
_cBK _2lcc _kFOR |
||
| 999 |
_c19815 _d19815 |
||